Normal view
MARC view
Entry Personal Name
001 - CONTROL NUMBER
- control field: 4002
003 - CONTROL NUMBER IDENTIFIER
- control field: OSt
005 - DATE AND TIME OF LATEST TRANSACTION
- control field: 20130220121042.0
008 - FIXED-LENGTH DATA ELEMENTS
- fixed length control field: 130220|| aca||aabn | a|a d
040 ## - CATALOGING SOURCE
- Original cataloging agency: OSt
- Transcribing agency: OSt
100 ## - HEADING--PERSONAL NAME
- Personal name: Kitshoff,M.C and Wyk,W.B.Van
670 ## - SOURCE DATA FOUND
- Source citation: Work cat.: (OSt): Kitshoff,M.C and Wyk,W.B.Van, Method of Religious and biblical studies, 1983